| 000 | 00651cam a22002055a 4500 | ||
|---|---|---|---|
| 001 | L159676 | ||
| 008 | 150226s2017 xxk f 000 0 eng d | ||
| 035 | _a(Sirsi) u159676 | ||
| 041 | 0 | _aeng | |
| 100 | 1 | _aBull, G. | |
| 245 | 0 | 4 | _aThe gig economy |
| 260 | _c2017 | ||
| 490 |
_aModus _vApril 2017, 14-17 (4) |
||
| 520 | _aWhy superfast broadband is a vital factor in creating resilient buildings ? and cities. What difference could a superfast internet service make to not just your own business, but to ailing cities and communities as well? | ||
| 590 | _aKA | ||
| 650 | 2 | 4 | _aIT |
| 650 | 2 | 4 | _aBUSINESS |
| 651 | 4 | _aInternational | |
| 942 | _n0 | ||
| 999 |
_c84903 _d84903 |
||